The human side of high-tech : (Record no. 7176)
[ view plain ]
| 000 -LEADER | |
|---|---|
| fixed length control field | 01164nac a22002771u 4500 |
| 010 ## - LIBRARY OF CONGRESS CONTROL NUMBER | |
| LC control number | 99040923 |
| 020 ## - INTERNATIONAL STANDARD BOOK NUMBER | |
| International Standard Book Number | 0471344222 (cloth : alk. paper) |
| 035 ## - SYSTEM CONTROL NUMBER | |
| System control number | (DLC) 99040923 |
| 082 00 - DEWEY DECIMAL CLASSIFICATION NUMBER | |
| Classification number | 620.00683 |
| Item number | GOM |
| 090 ## - LOCALLY ASSIGNED LC-TYPE CALL NUMBER (OCLC); LOCAL CALL NUMBER (OCLC) | |
| -- | 7176 |
| -- | 7176 |
| 100 ## - MAIN ENTRY--PERSONAL NAME | |
| Personal name | Goman, Carol Kinsey. |
| 245 14 - TITLE STATEMENT | |
| Title | The human side of high-tech : |
| Remainder of title | lessons from the technology frontier / |
| Statement of responsibility, etc | Carol Kinsey Goman. |
| 260 ## - PUBLICATION, DISTRIBUTION, ETC. (IMPRINT) | |
| Place of publication, distribution, etc | New York : |
| Name of publisher, distributor, etc | Wiley,2000 |
| Date of publication, distribution, etc | c2000. |
| 300 ## - PHYSICAL DESCRIPTION | |
| Extent | x, 230 p. ; |
| Dimensions | 24 cm. |
| 440 #0 - | |
| -- | Upside books |
| 500 ## - GENERAL NOTE | |
| General note | distributer: Al-Ahram |
| 504 ## - BIBLIOGRAPHY, ETC. NOTE | |
| Bibliography, etc | Includes bibliographical references (p. 225-226) and index. |
| 511 ## - PARTICIPANT OR PERFORMER NOTE | |
| Participant or performer note | catalogued by: wessam |
| 650 #0 - SUBJECT ADDED ENTRY--TOPICAL TERM | |
| Topical term or geographic name as entry element | High technology industries |
| General subdivision | Management. |
| 650 #0 - SUBJECT ADDED ENTRY--TOPICAL TERM | |
| Topical term or geographic name as entry element | High technology industries |
| General subdivision | Personnel management. |
| 650 #0 - SUBJECT ADDED ENTRY--TOPICAL TERM | |
| Topical term or geographic name as entry element | Organizational effectiveness. |
| 856 42 - ELECTRONIC LOCATION AND ACCESS | |
| Materials specified | Contributor biographical information |
| Uniform Resource Identifier | <a href="http://www.loc.gov/catdir/bios/wiley043/99040923.html">http://www.loc.gov/catdir/bios/wiley043/99040923.html</a> |
| 856 42 - ELECTRONIC LOCATION AND ACCESS | |
| Materials specified | Publisher description |
| Uniform Resource Identifier | <a href="http://www.loc.gov/catdir/description/wiley035/99040923.html">http://www.loc.gov/catdir/description/wiley035/99040923.html</a> |
| 856 42 - ELECTRONIC LOCATION AND ACCESS | |
| Materials specified | Table of Contents |
| Uniform Resource Identifier | <a href="http://www.loc.gov/catdir/toc/onix06/99040923.html">http://www.loc.gov/catdir/toc/onix06/99040923.html</a> |
| 942 ## - ADDED ENTRY ELEMENTS (KOHA) | |
| Item type | Book - Borrowing |
| Call number prefix | 620.00683GOM |
| Withdrawn status | Item status | Damaged status | Not for loan | Home library | Current library | Shelving location | Date acquired | Source of acquisition | Total Checkouts | Full call number | Barcode | Date last seen | Koha item type |
|---|---|---|---|---|---|---|---|---|---|---|---|---|---|
| Central Library | Central Library | First floor | 08/01/2014 | Purchase | 620.00683GOM | 000008273 | 15/07/2025 | Book - Borrowing |